000 00631nam a2200217 i 4500
001 51591
003 ES-MaACL
005 20250514212508.0
007 t|
008 030814s1962 sp af |||| | spa d
080 _a951(02)
100 1 _aTsui, Chi.
_9159988
245 1 0 _aHistoria de China /
_cTsui Chi ; versión española de María Luz Morales.
250 _a1ª ed.
260 _aBarcelona :
_bSurco,
_c1962.
300 _a460 p., 24 h. de lám. :
_bil. ;
_c23 cm.
651 4 _aChina-
_xHistoria.
_9145406
700 1 _aMorales, María Luz,
_d1889-1980
_983001
852 _aES-MaACL
_jC-23828
999 _c51591
_d51591